Tech Nation (Record no. 115294)
[ view plain ]
| 000 -LEADER | |
|---|---|
| fixed length control field | 00809cad a22001935a 4500 |
| 001 - CONTROL NUMBER | |
| control field | L158415 |
| 008 - FIXED-LENGTH DATA ELEMENTS--GENERAL INFORMATION | |
| fixed length control field | 150210s2015 xxk f 000 0 eng d |
| 035 ## - SYSTEM CONTROL NUMBER | |
| System control number | (Sirsi) u158415 |
| 041 0# - LANGUAGE CODE | |
| Language code of text/sound track or separate title | eng |
| 110 2# - MAIN ENTRY--CORPORATE NAME | |
| Corporate name or jurisdiction name as entry element | Tech City UK |
| 9 (RLIN) | 6149 |
| 245 00 - TITLE STATEMENT | |
| Title | Tech Nation |
| Remainder of title | Powering the Digital Economy 2015. |
| 260 ## - PUBLICATION, DISTRIBUTION, ETC. | |
| Date of publication, distribution, etc. | 2015 |
| 520 ## - SUMMARY, ETC. | |
| Summary, etc. | Tech Nation is an interactive data project that shows the growth of digital businesses within specific areas across the UK. The project has been developed and curated by Tech City UK. Tech Nation's analysis shows that the UK's tech clusters are driving economic growth nationally and that the growth of digital businesses reaches far beyond the capital. |
| 590 ## - LOCAL NOTE (RLIN) | |
| Local note | KA |
| 651 #4 - SUBJECT ADDED ENTRY--GEOGRAPHIC NAME | |
| Geographic name | United Kingdom |
| 690 ## - LOCAL SUBJECT ADDED ENTRY--TOPICAL TERM (OCLC, RLIN) | |
| Topical term or geographic name as entry element | Infrastructure |
| 9 (RLIN) | 6246 |
| 690 ## - LOCAL SUBJECT ADDED ENTRY--TOPICAL TERM (OCLC, RLIN) | |
| Topical term or geographic name as entry element | Utilities |
| 9 (RLIN) | 6272 |
| 942 ## - ADDED ENTRY ELEMENTS (KOHA) | |
| Suppress in OPAC | 0 |
| Withdrawn status | Lost status | Source of classification or shelving scheme | Damaged status | Not for loan | Home library | Current library | Shelving location | Date acquired | Total Checkouts | Full call number | Barcode | Date last seen | Copy number | Price effective from | Koha item type |
|---|---|---|---|---|---|---|---|---|---|---|---|---|---|---|---|
| Dewey Decimal Classification | London | London | Online | 10/02/2015 | ONLINE PUBLICATION | 158415-1001 | 06/08/2019 | 1 | 06/08/2019 | Book |